Deep reinforcement learning agent for a real time strategy game
Salvato in:
| Autore principale: | |
|---|---|
| Altri autori: | |
| Natura: | Manoscritto Libro |
| Lingua: | slovacco inglese |
| Pubblicazione: |
2023
|
| Soggetti: | |
| Accesso online: | http://is.stuba.sk/zp/portal_zp.pl?podrobnosti=170112 |
| Tags: |
Nessun Tag, puoi essere il primo ad aggiungerne!!
|
MARC
| LEADER | 00000ntm a22000003a 4500 | ||
|---|---|---|---|
| 001 | stuzp94854 | ||
| 003 | SK-STU | ||
| 005 | 20230909223330.2 | ||
| 007 | ta | ||
| 008 | 150427s2015----xo-----f-mn---000-0-slo-d | ||
| 040 | |a STU |b slo | ||
| 041 | 0 | |a eng | |
| 100 | 1 | |a Mačuga, Peter |u 070400 |4 aut |U FIIT Fakulta informatiky a informačných technológií |T FIIT Ústav počítačového inžinierstva a aplikovanej informatiky |X 96952 |U I400 |Y 672 |7 96952 | |
| 242 | 0 | 1 | |a Agent s hlbokým učením s posilňovaním pre strategickú hru hranú v reálnom čase |y slo |
| 245 | 1 | 0 | |a Deep reinforcement learning agent for a real time strategy game |
| 260 | |c 2023 | ||
| 650 | 4 | |a hlboké učenie |2 slo | |
| 650 | 4 | |a učenie s posilňovaním |2 slo | |
| 650 | 4 | |a stratégia v reálnom čase |2 slo | |
| 650 | 4 | |a deep learning |2 eng | |
| 650 | 4 | |a reinforcement learning |2 eng | |
| 650 | 4 | |a real time strategy |2 eng | |
| 700 | 1 | |a Krištofík, Štefan |u 070400 |k Z8 |4 ths |U FIIT Fakulta informatiky a informačných technológií |T FIIT Ústav počítačového inžinierstva a aplikovanej informatiky |X 24559 |U I400 |Y 672 |7 A000024559 | |
| 856 | 4 | |u http://is.stuba.sk/zp/portal_zp.pl?podrobnosti=170112 | |